[Event "60th POL-ch (w)"]
[Site "Krakow POL"]
[Date "2008.02.21"]
[Round "8"]
[White "Golek, Jagoda"]
[Black "Warakomska, Anna"]
[Result "1/2-1/2"]
[WhiteElo "2044"]
[BlackElo "2181"]
[EventDate "2008.02.14"]
[PlyCount "87"]

1.e4 c5 2.Nf3 e6 3.d4 cxd4 4.Nxd4 a6 5.c4 Nf6 6.Nc3 Bb4 7.Bd3 Nc6 8.Ne2 
Qc7 9.O-O O-O 10.h3 Ne5 11.Bf4 d6 12.Rc1 Nfd7 13.a3 Bxc3 14.Rxc3 b6 15.b3 
Bb7 16.Bb1 Nf6 17.Qd4 h6 18.Rd1 Rfd8 19.Rcc1 Nc6 20.Qc3 e5 21.Be3 b5 22.f3
bxc4 23.bxc4 Nd7 24.Qb2 Rab8 25.Nc3 Ne7 26.Ba7 Rbc8 27.Be3 Nc5 28.Nd5 Bxd5
29.cxd5 Qa5 30.Qb4 Qb5 31.Qxb5 axb5 32.Bd3 Nxd3 33.Rxd3 f5 34.Rdc3 fxe4 
35.fxe4 Rxc3 36.Rxc3 Ra8 37.Kf2 Ra4 38.Kf3 Kf7 39.Rb3 Ke8 40.Bc1 Rc4 41.
Be3 Ra4 42.Bc1 Rc4 43.Be3 Ra4 44.Rxb5 1/2-1/2

[Event "60th POL-ch (w)"]
[Site "Krakow POL"]
[Date "2008.02.21"]
[Round "8"]
[White "Szczepkowska-Horowska, Karina"]
[Black "Toma, Katarzyna"]
[Result "1/2-1/2"]
[WhiteElo "2293"]
[BlackElo "2259"]
[EventDate "2008.02.14"]
[PlyCount "75"]

1.e4 c5 2.Nf3 Nc6 3.d4 cxd4 4.Nxd4 Nf6 5.Nc3 e5 6.Ndb5 d6 7.Bg5 a6 8.Na3 
b5 9.Nd5 Be7 10.Bxf6 Bxf6 11.c4 b4 12.Nc2 a5 13.g3 O-O 14.b3 Be6 15.Bg2 
Rc8 16.O-O Bxd5 17.Qxd5 Nd4 18.Nxd4 exd4 19.Qh5 Qb6 20.Qf3 Rfe8 21.Kh1 Re7
22.Qd3 Ra7 23.Rae1 Re8 24.Re2 a4 25.f4 axb3 26.axb3 Qc5 27.h3 g6 28.Rfe1 
Kg7 29.g4 h6 30.Qg3 Ra3 31.e5 dxe5 32.fxe5 Bg5 33.Bd5 Qa7 34.Rf1 Ra1 35.
Rf2 Re7 36.Kg2 Rxf1 37.Rxf1 Qc7 38.h4 1/2-1/2